| 000 | 00624nam a2200205 i 4500 | ||
|---|---|---|---|
| 001 | 64405 | ||
| 003 | ES-MaACL | ||
| 005 | 20230906165125.0 | ||
| 007 | t| | ||
| 008 | 031224s1977 xxk ||||1| spa d | ||
| 100 | 1 |
_aFoley, Augusta Espantoso. _951460 |
|
| 245 | 1 | 0 |
_aDelicado _b: la lozana andaluza / _cAugusta Espantoso Foley. |
| 260 |
_a[London] : _bGrant & Cutler, _c1977. |
||
| 300 |
_a67 p. ; _c20 cm. |
||
| 490 | 1 | _aCritical guides to Spanish texts | |
| 830 | 0 |
_aCritical guides to Spanish texts _9183621 |
|
| 852 |
_aES-MaACL _jA-7810 _bR.97128 |
||
| 852 |
_aES-MaACL _jA-9830 _bR.99273 |
||
| 999 |
_c64405 _d64405 |
||